| 000 | 00406pab a2200145 454500 | ||
|---|---|---|---|
| 008 | 180718b1986 xxu||||| |||| 00| 0 eng d | ||
| 100 | _aJoshi, A.K. | ||
| 245 |
_aScenarios for change _bA symposium on some projections into the future - a select and relevant bibliography |
||
| 260 | _c1986 | ||
| 300 | _a50-2 | ||
| 362 | _aJuly | ||
| 650 | _aFuturology - Bibliography | ||
| 773 | _aSeminar | ||
| 909 | _a8935 | ||
| 999 |
_c8935 _d8935 |
||